| 000 | 00481nam a2200169Ia 4500 | ||
|---|---|---|---|
| 008 | 151213s9999 xx 000 0 und d | ||
| 020 | _a817635173 - 3 | ||
| 100 | _aCurtis L. Smith & M.C. Anund Sen | ||
| 245 |
_aDatabase Programing With Visual Basic - 6 _cCurtis L. Smith & M.C. Anund Sen |
||
| 250 | _a1st | ||
| 260 |
_aNew Delhi _bTech media _c1999 |
||
| 300 | _a4079 p. | ||
| 650 | _aComputer | ||
| 650 | _aI.T. | ||
| 700 | _aCurtis L. Smith & M.C. Anund Sen | ||
| 999 |
_c2559 _d2559 |
||